000 00484nam a2200181Ia 4500
005 20250508150516.0
008 008 250505s9999 xx 000 0 eng d
037 _aTextual
040 _aFEDL
_beng
_cFEDL
041 _aeng
_2eng
084 _a526.8, DUB
_qFEDL
100 _aDubey R N
245 0 _aMaps : A guide to practical geography
260 _aAllahabad, India
_bKitab Mahal
300 _a140p.
942 _cTEXL
_h526.8, DUB
999 _c1323972
_d1323972